| 000 | 00576nam a22001817a 4500 | ||
|---|---|---|---|
| 005 | 20251108170955.0 | ||
| 008 | 250721s2001 xx 000 0 ara d | ||
| 082 | 1 | 4 | _a658.406/مرع |
| 100 | 1 | _aمرعي، محمد مرعي | |
| 245 | 1 | 0 | _aدليل نظام الإدارة التقييم في المؤسسات و الإدارات / |
| 264 | 1 |
_aدمشق : _bدار الرضا، _c2001. |
|
| 300 | _a150ص | ||
| 490 | 0 | _aدليل التطوير الإداري ؛8 | |
| 650 | 1 | 7 | _aالإدارة |
| 650 | 1 | 7 | _aتقييم الإداء |
| 942 |
_2ddc _cBK |
||
| 999 |
_c53420 _d53420 |
||